Winners and losers : (Record no. 7946)
[ view plain ]
| 000 -LEADER | |
|---|---|
| fixed length control field | 01076pam a2200349 4500 |
| 001 - CONTROL NUMBER | |
| JCCL Control Number | 7946 |
| 003 - CONTROL NUMBER IDENTIFIER | |
| JCCL marc code | MCM |
| 005 - DATE AND TIME OF LATEST TRANSACTION | |
| control field | 20180417123534.0 |
| 008 - FIXED-LENGTH DATA ELEMENTS--GENERAL INFORMATION | |
| fixed length control field | 831129s1984 ncu b 001 0 eng |
| 020 ## - INTERNATIONAL STANDARD BOOK NUMBER | |
| International Standard Book Number | 0822304953 (alk. paper) |
| 020 ## - INTERNATIONAL STANDARD BOOK NUMBER | |
| International Standard Book Number | 0822306026 (pbk.) |
| 035 ## - SYSTEM CONTROL NUMBER | |
| system control number | (BD-JhCC) 7946 |
| 035 ## - SYSTEM CONTROL NUMBER | |
| system control number | GLIS00192355 |
| 040 ## - CATALOGING SOURCE | |
| Original cataloging agency | DLC |
| Transcribing agency | DLC |
| Modifying agency | MYG |
| 041 ## - LANGUAGE CODE | |
| Language code of Book | eng |
| 050 0# - LIBRARY OF CONGRESS CALL NUMBER | |
| Classification number | HM33 |
| Item number | .H67 1984 |
| 082 ## - DEWEY DECIMAL CLASSIFICATION NUMBER | |
| Classification number | 306.20973 |
| Author mark and Year | HOR 1984 |
| 099 ## - LOCAL FREE-TEXT CALL NUMBER | |
| Classification number | HM33.H67 1984 |
| 100 1# - MAIN ENTRY--PERSONAL NAME | |
| Personal name | Horowitz, Irving Louis. |
| 245 10 - TITLE STATEMENT | |
| Title | Winners and losers : |
| Remainder of title | social and political polarities in America / |
| Statement of responsibility, etc | Irving Louis Horowitz. |
| 260 ## - PUBLICATION, DISTRIBUTION, ETC. (IMPRINT) | |
| Place of publication, distribution, etc | Durham, N.C. : |
| Name of publisher, distributor, etc | Duke University Press, |
| Date of publication, distribution, etc | 1984. |
| 300 ## - PHYSICAL DESCRIPTION | |
| Pagination | xv, 328 p. ; |
| Dimensions | 24 cm. |
| 504 ## - BIBLIOGRAPHY, ETC. NOTE | |
| Bibliography, etc | Includes bibliographical references and index. |
| 650 #0 - SUBJECT ADDED ENTRY--TOPICAL TERM | |
| Topical term or geographic name as entry element | Sociology. |
| 650 #0 - SUBJECT ADDED ENTRY--TOPICAL TERM | |
| Topical term or geographic name as entry element | Political sociology. |
| 650 #0 - SUBJECT ADDED ENTRY--TOPICAL TERM | |
| Topical term or geographic name as entry element | Ideology. |
| 650 #0 - SUBJECT ADDED ENTRY--TOPICAL TERM | |
| Topical term or geographic name as entry element | Polarity (Philosophy) |
| 651 #0 - SUBJECT ADDED ENTRY--GEOGRAPHIC NAME | |
| Geographic name | United States |
| General subdivision | Politics and government |
| Chronological subdivision | 1945-1989. |
| 830 #0 - SERIES ADDED ENTRY--UNIFORM TITLE | |
| Uniform title | Duke Press policy studies. |
| 942 ## - ADDED ENTRY ELEMENTS (KOHA) | |
| Source of classification or shelving scheme | Dewey Decimal Classification |
| Koha item type | Books |
| Source of classification or shelving scheme | Damaged status | Not for loan | Home library | Current library | Shelving location | Source of acquisition | Total Checkouts | Full call number | Barcode | Date last seen | Copy number | Koha item type |
|---|---|---|---|---|---|---|---|---|---|---|---|---|
| Dewey Decimal Classification | JCC Rouf Library | JCC Rouf Library | General Stacks | The Asia Foundation | 306.20973 HOR 1984 | 10491 | 02/15/2018 | C - 1 | Books |